[Event "Norway Chess 2025"]
[Site "Chess.com"]
[Date "2025.06.02"]
[Round "7.2"]
[White "Carlsen, Magnus"]
[Black "Nakamura, Hikaru"]
[Result "1-0"]
[WhiteElo "2883"]
[BlackElo "2837"]
[Annotator "Chess.com"]
[PlyCount "79"]
[EventDate "2025.??.??"]

{[%evp 0,79,19,16,18,-10,39,35,28,22,22,-8,28,26,0,-11,-7,8,25,7,-23,-61,-5,-5,-28,-28,-15,24,59,24,47,59,63,61,64,40,123,97,122,113,126,101,126,126,124,99,92,115,115,104,132,94,127,121,112,111,113,93,114,83,51,79,87,83,87,95,95,94,83,81,138,88,258,252,246,238,830,1029,1074,1097,1381,1552]} {Armagedom} 1. d4 d5 2. c4 c6 3. Nf3 Nf6 4. Nc3 dxc4 5. g3 b5 6. Bg2 e6 7. O-O Bb7 8. Ne5 Qc8 9. b3 b4 $6 {White is well-positioned to meet this.} (9... cxb3 {The engine marks this as best and equal, though White will have full compensation typical of the Catalan.}) 10. Na4 c3 11. a3 Nbd7 (11... a5 $4 {If Black could keep the pawns on b4 and c3 permanently, he'd be in great shape. But this is not possible for tactical reasons.} 12. Nb6) 12. axb4 Bxb4 13. Ba3 a5 (13... Bxa3 14. Rxa3 c5 15. Bxb7 Qxb7 16. Nxc5 Nxc5 17. dxc5 O-O 18. c6 Qb5 19. Qd4 c2 20. Qc3 Ne4 {0-1 (20) Sarkar,J (2338)-Nasuta,G (2518) Chess.com INT 2021}) 14. Nxc3 $3 {A piece sacrifice, though it should not be taken.} O-O $2 (14... Bxc3 15. Nc4 {The black king is in decisive trouble, with Nd6+ coming next.}) (14... Bxa3 15. Rxa3 O-O {was better than the game.}) 15. Bxb4 axb4 16. Nxd7 Nxd7 17. Na4 {White often sacrifices a pawn for this pressure on the c-file. Here, he's not even a pawn down.} Ba6 18. Qd2 {Reminding Black he also has a weak pawn on b4.} Bb5 19. Rfc1 (19. Qxb4 $2 {It's too early to take.} Bxe2) 19... Ra6 20. e3 Qa8 21. Qxb4 {White wins a pawn, but Nakamura proves to be resourceful.} Nb6 22. Rc5 Nd5 23. Bxd5 exd5 24. Rcc1 (24. Qd2 $1 {was best. White wins by:} h5 25. Rac1 h4 {Not best, but it shows White's idea.} 26. Nc3 {Black's pawn base comes under heavy fire now.}) 24... h5 {Now we see inaccurate moves by both sides, but the main turning point is 28...g5.} 25. h4 Re8 26. Qc3 Qc8 27. Nc5 $2 (27. Qc2 $1 g5 28. Nc3 {Black is not in time to continue his attack. White already threatens taking on b5 and trading queens.} gxh4 29. Nxb5) 27... Rxa1 28. Rxa1 g5 $1 {Nakamura equalizes, sacrificing a pawn to open the white king.} 29. hxg5 h4 30. e4 $1 {Giving a pawn back to include the queen in the defense on the third rank. White is still a pawn up.} (30. gxh4 $4 Qg4+ {is even losing for White.} 31. Kh2 Qxh4+ 32. Kg2 Qg4+ 33. Kh2 Kg7 {is the mating net.}) 30... dxe4 31. Re1 Qg4 32. Qe3 hxg3 33. fxg3 Kg7 34. Kg2 Rh8 (34... Qf3+ $1 35. Qxf3 exf3+ 36. Kf2 {To keep the rook protected.} Re2+ 37. Rxe2 fxe2 {Black can draw this endgame, though this isn't so clear in an armageddon game with a minute or two.} 38. Nd7 Kg6 39. Ne5+ Kxg5 40. Nxf7+ Kg4 {White cannot make progress, despite the extra pawn.}) 35. Qxe4 Qh3+ $2 {The losing move. Nakamura goes for a king hunt, but one that isn't there.} (35... Qxg5 {was the only move for equality. It's important to realize endgames are drawn, even a pawn down for Black.} 36. Qe5+ Qxe5 37. Rxe5 {This is objectively equal, though holding it against Carlsen could be a different story.}) 36. Kf3 {There isn't any follow-up. Nakamura goes for what's probably the best try.} Bf1 {Threatening to win the queen with ...Bg2+.} 37. Kf4 $1 {Simply stepping out of the way. Black doesn't even have a check.} Qh2 38. Qe5+ (38. Rxf1 $2 {is the trick. Black wins the queen.} Rh4+) 38... Kg8 39. Rxf1 Qg2 40. Ra1 {White is a piece up and the computer announces a forced mate from here. Nakamura resigns.} 1-0

[Event "Arctic Chess Challenge"]
[Site "Tromsoe"]
[Date "2007.08.07"]
[Round "4"]
[White "Carlsen, Magnus"]
[Black "Stubberud, Ornulf A"]
[Result "1-0"]
[WhiteElo "2710"]
[BlackElo "2231"]
[PlyCount "101"]
[EventDate "2007.08.04"]
[EventType "swiss"]
[EventRounds "9"]
[EventCountry "NOR"]
[SourceTitle "CBM 119 Extra"]
[Source "ChessBase"]
[SourceDate "2007.09.04"]
[SourceVersion "1"]
[SourceVersionDate "2007.09.04"]
[SourceQuality "1"]

1. d4 Nf6 2. c4 e6 3. g3 d5 4. Nf3 Bb4+ 5. Nbd2 O-O 6. Bg2 dxc4 7. Qc2 Nc6 8. Qxc4 Ne4 9. Qd3 Nxd2 10. Bxd2 Qe7 11. O-O Rd8 12. Bxb4 $146 ({RR} 12. Rfd1 Bxd2 13. Rxd2 Bd7 14. Qc3 Be8 15. Rc1 Rac8 16. a3 f6 17. e3 Bg6 18. Ne1 Rd6 19. Nd3 Bxd3 20. Qxd3 Nd8 21. b4 Qd7 22. Rdc2 Kh8 23. Rc5 b6 24. R5c3 e5 25. d5 f5 26. e4 g6 {Szabolcsi,J (2295)-Trajber,C (1966) Hungary 2019 1-0 (34)}) ({RR} 12. Rfd1 Bxd2 13. Qxd2 e5 14. d5 Bg4 15. Qe3 Bxf3 16. Bxf3 Nb4 17. Qb3 e4 18. Bg2 c6 19. d6 Rxd6 20. Rxd6 Qxd6 21. a3 Nd5 22. Qxb7 Rb8 23. Qxa7 Qe5 24. Bxe4 Rxb2 25. Rd1 g6 26. Bf3 Nc3 {Birnboim,N (2465)-Segal,A (2370) Netanya 1987 1-0 (41)}) 12... Nxb4 13. Qc4 Nd5 14. Rac1 c6 15. Rfd1 Bd7 16. Ne5 Be8 17. Nd3 Nb6 18. Qc3 Nd7 19. Qa5 Qd6 20. e3 f6 21. b4 a6 22. Nc5 Nxc5 23. bxc5 Qe7 24. Rb1 Bg6 25. Rb4 Rd7 26. Rd2 Rc8 27. h4 Rcc7 28. Qa4 Bf7 29. Qd1 g6 30. Rbb2 Kg7 31. Rbc2 Rd8 32. Qa1 Rcd7 33. Bh3 Rd5 34. e4 R5d7 35. Qc3 Rc7 36. a3 Qf8 37. Rd3 Qe7 38. Re2 Rcd7 39. Ree3 Rc7 40. f4 Qf8 41. Re1 Kg8 42. Kh2 Re8 43. Rde3 Rce7 44. R1e2 e5 45. dxe5 fxe5 46. f5 Rd8 47. Rf3 Rd4 48. fxg6 hxg6 49. Ref2 Qe8 50. Qe3 Kg7 51. h5 1-0

[Event "EU-chT (Men) 16th"]
[Site "Heraklion"]
[Date "2007.11.06"]
[Round "9.1"]
[White "Carlsen, Magnus"]
[Black "Ivanisevic, Ivan"]
[Result "0-1"]
[WhiteElo "2714"]
[BlackElo "2607"]
[PlyCount "84"]
[EventDate "2007.10.28"]
[EventType "team-swiss"]
[EventRounds "9"]
[EventCountry "GRE"]
[SourceTitle "CBM 121"]
[Source "ChessBase"]
[SourceDate "2007.11.14"]
[SourceVersion "1"]
[SourceVersionDate "2007.11.14"]
[SourceQuality "1"]
[WhiteTeam "Norway"]
[BlackTeam "Serbia"]
[WhiteTeamCountry "NOR"]
[BlackTeamCountry "YEM"]

1. d4 Nf6 2. c4 e6 3. Nf3 d5 4. g3 dxc4 5. Bg2 Bb4+ 6. Nbd2 b5 7. a4 c6 8. Qc2 Bb7 9. O-O O-O 10. e4 ({RR} 10. b3 c5 11. bxc4 bxa4 12. dxc5 a5 13. Rd1 Nbd7 14. Bb2 Bxc5 15. e3 Qc7 16. Ng5 Bxg2 17. Kxg2 a3 18. Bd4 Be7 19. Nge4 Rfc8 20. Bxf6 Nxf6 21. Nc3 Qc6+ 22. Kg1 Rab8 23. Rdb1 h5 24. Qc1 Bb4 {Assylkhan,A (1938)-Imomkuzieva,N (2126) Durres ALB 2025 0-1 (31)}) ({RR} 10. Rd1 Nbd7 11. b3 c3 12. Nb1 c5 13. Nxc3 bxa4 14. Nxa4 Be4 15. Qb2 Qe7 16. Bd2 Nd5 17. Rac1 Rfc8 18. dxc5 Bxd2 19. Qxd2 Nxc5 20. Nxc5 Rxc5 21. Rxc5 Qxc5 22. Qd4 Qxd4 23. Nxd4 Bxg2 24. Kxg2 Kf8 {Ivanisevic,I (2603)-Prusikin,M (2533) Switzerland 2007 1-0 (48)}) 10... Nbd7 11. e5 Nd5 12. Ne4 h6 $146 ({RR} 12... f5 13. exf6 N7xf6 14. Nfg5 Qd7 15. Bh3 Rae8 16. axb5 h6 17. Nxf6+ Nxf6 18. Nxe6 cxb5 19. Rxa7 Rf7 20. Bg2 Be4 21. Rxd7 Bxc2 22. Rxf7 Kxf7 23. Nc7 Re7 24. Bf4 Bd3 25. Rc1 Re2 26. Nxb5 Rxb2 27. h3 {Yakimova,M (2245)-Kleymenova,V (2057) Moscow RUS 2023 ½-½ (51)}) ({RR} 12... f5 13. exf6 N7xf6 14. Nfg5 Qd7 15. Bh3 Rae8 16. axb5 h6 17. Nxf6+ Nxf6 18. Nxe6 cxb5 19. Rxa7 Rf7 20. Bg2 Be4 21. Rxd7 Bxc2 22. Rxf7 Kxf7 23. Nc7 Re7 24. Bf4 Bd3 25. Rc1 Re2 26. Nxb5 Rxb2 27. h3 {Yakimova,M (2245)-Kleymenova,V (2057) Moscow RUS 2023 ½-½ (51)}) 13. Bd2 a5 14. b3 cxb3 15. Qxb3 bxa4 16. Rxa4 Ba6 17. Rc1 Bb5 18. Raa1 Be7 19. g4 Bb4 20. Bxb4 axb4 21. g5 Nf4 22. gxh6 gxh6 23. Rxa8 Qxa8 24. Qe3 Ne2+ 25. Kh1 Qa3 26. Re1 Qxe3 27. fxe3 Ra8 28. Bf1 Nc3 29. Nfd2 Ra2 30. Bxb5 cxb5 31. Kg1 Kf8 32. Kf1 Ke7 33. Rc1 f5 34. exf6+ Nxf6 35. Nxf6 Rxd2 36. Ng4 Nd5 37. Rb1 h5 38. Ne5 Nxe3+ 39. Ke1 Rxh2 40. Rb3 Nc2+ 41. Kd1 Kd6 42. Nf3 Rf2 0-1

[Event "Gausdal Classics GM"]
[Site "Gausdal"]
[Date "2007.04.24"]
[Round "7"]
[White "Carlsen, Magnus"]
[Black "Portisch, Lajos"]
[Result "1-0"]
[WhiteElo "2693"]
[BlackElo "2512"]
[PlyCount "59"]
[EventDate "2007.04.18"]
[EventType "tourn"]
[EventRounds "9"]
[EventCountry "NOR"]
[EventCategory "12"]
[SourceTitle "CBM 118"]
[Source "ChessBase"]
[SourceDate "2007.05.31"]
[SourceVersion "1"]
[SourceVersionDate "2007.05.31"]
[SourceQuality "1"]

1. d4 d5 2. c4 e6 3. Nf3 Nf6 4. g3 dxc4 5. Bg2 Nbd7 6. O-O Rb8 7. Qc2 b5 8. b3 ({RR} 8. a4 a6 9. axb5 axb5 10. Ne5 Nxe5 11. dxe5 Nd5 12. Rd1 Bd7 13. Nc3 c6 14. Ne4 Qc7 15. Nd6+ Bxd6 16. exd6 Qxd6 17. Bf4 e5 18. e4 exf4 19. exd5 c5 20. Re1+ Kf8 21. Ra7 fxg3 22. fxg3 h5 {Nielsen,P (2620)-Babula,V (2590) Germany 2002 0-1}) 8... cxb3 9. axb3 a6 10. Ne5 $146 ({RR} 10. Bg5 Be7 11. Rc1 Bb7 12. Qxc7 Qxc7 13. Rxc7 Nd5 14. Rc1 h6 15. Bxe7 Kxe7 16. Nbd2 Rhc8 17. Ne4 Nb4 18. Nc5 Nxc5 19. dxc5 Rc7 20. Ne5 Bxg2 21. Kxg2 Rbc8 22. Rd1 Rxc5 23. f4 R8c7 24. Nd3 Nxd3 {Adrian,C (2315)-Lukov,V (2455) Agneaux 1999 ½-½ (46)}) ({RR} 10. Bf4 Bd6 11. Ne5 Bxe5 12. dxe5 Nd5 13. Bxd5 exd5 14. e6 {1-0 (14) Langrock,H (2356)-Garriga Cazorla,P (2478) Chess.com INT 2021}) 10... Nxe5 11. dxe5 Nd5 12. Rd1 Qe7 13. Nc3 Qc5 14. Rxd5 exd5 15. b4 Qxb4 16. Ba3 Qg4 17. Bxf8 Kxf8 18. Nxd5 Qc4 19. Qd2 Be6 20. Rc1 Qb3 21. Nxc7 Kg8 22. Qd6 Rc8 23. Bb7 h6 24. Bxc8 Bxc8 25. Nxb5 axb5 26. Rxc8+ Kh7 27. Rc1 Re8 28. Kg2 Kg8 29. Rc5 Qa2 30. Qc6 1-0

[Event "Corus"]
[Site "Wijk aan Zee"]
[Date "2007.01.21"]
[Round "8"]
[White "Kramnik, Vladimir"]
[Black "Carlsen, Magnus"]
[Result "1/2-1/2"]
[WhiteElo "2766"]
[BlackElo "2690"]
[PlyCount "55"]
[EventDate "2007.01.13"]
[EventType "tourn"]
[EventRounds "13"]
[EventCountry "NED"]
[EventCategory "19"]
[SourceTitle "CBM 117"]
[Source "ChessBase"]
[SourceDate "2007.03.30"]
[SourceVersion "1"]
[SourceVersionDate "2007.03.30"]
[SourceQuality "1"]

1. Nf3 Nf6 2. c4 e6 3. g3 d5 4. d4 dxc4 5. Bg2 a6 6. O-O Nc6 7. e3 Bd7 8. Nc3 Nd5 9. Nd2 Nb6 10. Qe2 Na5 11. Nde4 Be7 12. Nc5 Bc6 13. Bxc6+ Nxc6 14. Nxb7 Qc8 15. Nc5 O-O 16. N5a4 $146 ({RR} 16. Qf3 Qe8 17. Rd1 e5 18. Nd5 Nxd5 19. Qxd5 exd4 20. exd4 Rd8 21. Qxc4 Ne5 22. Qe2 Bxc5 23. Be3 Nc6 24. dxc5 Nd4 25. Rxd4 Rxd4 26. Qxa6 Rd5 27. b4 Qe4 28. a3 Qf3 29. h4 h6 30. Kh2 Re8 {Le,T (2344)-Pourkashiyan,A (2306) Kolkata 2009 0-1 (36)}) 16... Nb4 17. Bd2 Rd8 18. a3 Nc6 19. Rac1 Rb8 20. Rfd1 e5 21. Nxb6 cxb6 22. Qxc4 exd4 23. Ne4 dxe3 24. Bxe3 Rxd1+ 25. Rxd1 Qb7 26. Rc1 Ne5 27. Qc7 f6 28. Qxb7 1/2-1/2

[Event "Corus-B"]
[Site "Wijk aan Zee"]
[Date "2006.01.16"]
[Round "3"]
[White "Carlsen, Magnus"]
[Black "Jobava, Baadur"]
[Result "1/2-1/2"]
[WhiteElo "2625"]
[BlackElo "2614"]
[PlyCount "99"]
[EventDate "2006.01.14"]
[EventType "tourn"]
[EventRounds "13"]
[EventCountry "NED"]
[EventCategory "15"]
[SourceTitle "CBM 111"]
[Source "ChessBase"]
[SourceDate "2006.04.04"]
[SourceVersion "1"]
[SourceVersionDate "2006.04.04"]
[SourceQuality "1"]

1. Nf3 d5 2. d4 Nf6 3. c4 e6 4. g3 Bb4+ 5. Nbd2 O-O 6. Bg2 dxc4 7. Qc2 a5 8. Qxc4 b6 9. a3 Ba6 10. Qc2 Be7 11. Ne4 Nxe4 12. Qxe4 Ra7 13. O-O Nd7 14. Bf4 $146 ({RR} 14. Rd1 Nf6 15. Qc2 Bb7 16. Bg5 Be4 17. Qd2 Qd5 18. Bxf6 Bxf6 19. Ne1 Bxg2 20. Nxg2 Rd8 21. Qc2 Qb5 22. a4 Qb4 23. e3 c5 24. dxc5 Rc8 25. Qd2 bxc5 26. Rac1 c4 27. Qc2 Rac7 28. Rb1 Qb3 {Gucer,G (1586)-Koca,E (1741) Denizli TUR 2023 0-1 (60)}) ({RR} 14. Rd1 Bb7 15. Qc2 Qa8 16. Ng5 Nf6 17. Bxb7 Qxb7 18. Bd2 Rc8 19. Rac1 h6 20. Nf3 c5 21. dxc5 Bxc5 22. Be3 {½-½ (22) Lalic,B (2478)-Kravtsiv,M (2597) Cappelle la Grande 2013}) 14... Bb7 15. Qc2 Qa8 16. Rfd1 Be4 17. Qd2 Rd8 18. Bg5 f6 19. Be3 Ne5 20. Ne1 c5 21. Qc3 Rad7 22. Rd2 Bxg2 23. Nxg2 Nc6 24. Rad1 cxd4 25. Bxd4 Bb4 26. axb4 axb4 27. Qe3 Rxd4 28. Nf4 Rxd2 29. Rxd2 Rxd2 30. Qxd2 Qd8 31. Qc2 Qd6 32. Qe4 Ne5 33. Qa8+ Kf7 34. Qb7+ Nd7 35. Nd3 b3 36. h4 Qd5 37. Qc7 Qd4 38. Qd8 e5 39. h5 Qg4 40. Nc1 Ke6 41. Qg8+ Kd6 42. h6 Qe6 43. Qxg7 Qc4 44. Nxb3 Qxb3 45. Qxh7 Qxb2 46. Qg6 e4 47. e3 Qe5 48. Qf7 Qa1+ 49. Kg2 Qd1 50. h7 1/2-1/2

[Event "Gausdal GM-A"]
[Site "Gausdal"]
[Date "2005.04.15"]
[Round "3"]
[White "Carlsen, Magnus"]
[Black "Korneev, Oleg"]
[Result "1/2-1/2"]
[WhiteElo "2548"]
[BlackElo "2611"]
[PlyCount "41"]
[EventDate "2005.04.13"]
[EventType "tourn"]
[EventRounds "9"]
[EventCountry "NOR"]
[EventCategory "10"]
[SourceTitle "CBM 107"]
[Source "ChessBase"]
[SourceDate "2005.08.01"]
[SourceVersion "1"]
[SourceVersionDate "2005.08.01"]
[SourceQuality "1"]

1. d4 d5 2. c4 c6 3. Nf3 Nf6 4. Nc3 e6 5. g3 dxc4 6. Bg2 b5 7. O-O Bb7 8. Ne5 Nd5 9. a4 a6 10. e4 Nxc3 11. bxc3 Nd7 12. f4 Be7 13. Ng4 ({RR} 13. Qh5 O-O 14. Ba3 c5 15. Nxd7 Qxd7 16. Bxc5 g6 17. Qe2 Bxc5 18. dxc5 Qc7 19. Qe3 Rac8 20. axb5 axb5 21. Ra7 Qb8 22. Rfa1 Rfd8 23. f5 exf5 24. exf5 Bxg2 25. Kxg2 Re8 26. Qf3 Rc7 27. Ra8 Qc8 {Buyankhishig,B (2015)-Uzuner,T (1909) chess.com INT 2025 ½-½ (54)}) 13... Qb6 $146 ({RR} 13... O-O 14. e5 Nb6 15. f5 exf5 16. Ne3 g6 17. Nxf5 gxf5 18. Rxf5 f6 19. Bh6 Kh8 20. Bxf8 Qxf8 21. exf6 Bxf6 22. Qf3 Nd5 23. Rf1 b4 24. cxb4 c3 25. Kh1 Re8 26. Qd3 Bc8 27. Re5 Be6 28. b5 {Shabalov,A (2523)-Erenburg,S (2616) Philadelphia 2012 0-1 (41)}) ({RR} 13... O-O 14. e5 f5 15. exf6 Nxf6 16. Qe2 Qc8 17. Nxf6+ Bxf6 18. Ba3 c5 19. Bxc5 Re8 20. Bxb7 Qxb7 21. Qg2 Qd5 22. axb5 axb5 23. Qxd5 exd5 24. Rxa8 Rxa8 25. Rb1 Rb8 26. Kf2 Kf7 27. Ra1 Rb7 28. Re1 {Miton,K (2588)-Tomashevsky,E (2705) St Petersburg 2018 ½-½ (62)}) ({RR} 13... O-O 14. f5 exf5 15. Rxf5 f6 16. Nh6+ gxh6 17. Bxh6 Kh8 18. Bxf8 Nxf8 19. e5 fxe5 20. Be4 Bc8 21. Rxe5 Bf6 22. Qh5 Qc7 23. Re8 Bg4 24. Rxf8+ Rxf8 25. Qxg4 c5 26. dxc5 Bxc3 27. Rd1 Qxc5+ 28. Kh1 {Di Caro,C (2340)-Palac,M (2584) Porto San Giorgio 2006 0-1 (32)}) 14. e5 h5 15. Ne3 g6 16. Qf3 O-O-O 17. Rf2 Qc7 18. Rfa2 Nb6 19. axb5 cxb5 20. Qe2 Kd7 21. Bxb7 1/2-1/2

[Event "Moscow Tal Memorial 1st"]
[Site "Moscow"]
[Date "2006.11.15"]
[Round "8"]
[White "Carlsen, Magnus"]
[Black "Ponomariov, Ruslan"]
[Result "1/2-1/2"]
[WhiteElo "2698"]
[BlackElo "2703"]
[PlyCount "120"]
[EventDate "2006.11.06"]
[EventType "tourn"]
[EventRounds "9"]
[EventCountry "RUS"]
[EventCategory "20"]
[SourceTitle "CBM 116"]
[Source "ChessBase"]
[SourceDate "2007.02.01"]
[SourceVersion "1"]
[SourceVersionDate "2007.02.01"]
[SourceQuality "1"]

1. d4 Nf6 2. c4 e6 3. g3 d5 4. Bg2 dxc4 5. Nf3 Nc6 6. Qa4 Bb4+ 7. Bd2 Bd6 8. O-O O-O 9. Bc3 Nd5 10. Qxc4 Nxc3 11. bxc3 Na5 12. Qd3 c5 13. Nbd2 cxd4 14. cxd4 Bd7 15. Ne4 Be7 16. h4 $146 ({RR} 16. Rac1 Bc6 17. Ne5 Bd5 {½-½ (17) Amato,L (1973)-Lagar,V (2094) Villaguay 2016}) 16... h6 17. Rac1 Bc6 18. Ne5 Bd5 19. Nc3 Bxg2 20. Kxg2 Rc8 21. Rfd1 Ba3 22. Rb1 Bd6 23. Nf3 Qe7 24. Ne4 Rfd8 25. Rb5 Nc6 26. g4 a6 27. Rb6 Bb8 28. e3 Ba7 29. Rbb1 Rc7 30. g5 Nb4 31. Qa3 Nd5 32. Qxe7 Rxe7 33. Rdc1 f6 34. Nc5 Bxc5 35. Rxc5 Kf7 36. Kg3 Red7 37. a4 Ne7 38. Kg4 Rc8 39. Rxc8 Nxc8 40. Ne1 b6 41. Rc1 Ne7 42. f4 Nd5 43. e4 Rc7 44. Rxc7+ Nxc7 45. Nc2 Ne8 46. gxh6 gxh6 47. f5 exf5+ 48. Kxf5 Nd6+ 49. Kf4 b5 50. a5 Nc4 51. Nb4 Nxa5 52. Nxa6 h5 53. e5 fxe5+ 54. dxe5 Nc6 55. Kg5 Nxe5 56. Kxh5 Kf6 57. Nc7 b4 58. Nd5+ Kf5 59. Nxb4 Ng6 60. Nd5 Nxh4 1/2-1/2

[Event "Olympiad-37"]
[Site "Turin"]
[Date "2006.05.28"]
[Round "7"]
[White "Carlsen, Magnus"]
[Black "Adams, Michael"]
[Result "1-0"]
[WhiteElo "2646"]
[BlackElo "2720"]
[PlyCount "145"]
[EventDate "2006.05.21"]
[EventType "team-swiss"]
[EventRounds "13"]
[EventCountry "ITA"]
[SourceTitle "CBM 113"]
[Source "ChessBase"]
[SourceDate "2006.07.31"]
[SourceVersion "1"]
[SourceVersionDate "2006.07.31"]
[SourceQuality "1"]
[WhiteTeam "Norway"]
[BlackTeam "England"]
[WhiteTeamCountry "NOR"]
[BlackTeamCountry "ENG"]

1. Nf3 Nf6 2. c4 e6 3. Nc3 Bb4 4. g3 O-O 5. Bg2 d5 6. d4 dxc4 7. O-O Nc6 8. a3 Bxc3 9. bxc3 Rb8 10. Bg5 b5 11. e4 h6 12. Bh4 e5 13. Nxe5 Nxe5 14. dxe5 Qxd1 15. Rfxd1 Nd7 $146 ({RR} 15... Ng4 16. Bd8 Rb7 17. f4 Ne3 18. Rd2 Nxg2 19. Kxg2 Re8 20. h3 c5 21. Ba5 Rd7 22. Rxd7 Bxd7 23. Kf3 Bc6 24. Ke3 Bd7 25. g4 g5 26. Rd1 gxf4+ 27. Kxf4 Be6 28. Rd6 Rc8 29. Ra6 b4 30. axb4 {Froewis,G (2428)-Yankelevich,L (2446) Bad Ragaz 2018 ½-½ (41)}) 16. f4 Re8 17. e6 fxe6 18. e5 Nxe5 19. Bd8 Nd3 20. Bxc7 Rb7 21. Bxb7 Bxb7 22. a4 bxa4 23. Rdb1 Bc6 24. Rb8 Kf7 25. Rxe8 Kxe8 26. Bd6 a6 27. Rb1 h5 28. Rb6 Kd7 29. Bf8 g6 30. Rxa6 e5 31. fxe5 Nxe5 32. h4 Ng4 33. Bg7 Kc7 34. Bd4 Nh6 35. Kf2 Nf5 36. Bc5 Kd7 37. Bb4 Kc7 38. Ra7+ Kb6 39. Rf7 Nh6 40. Re7 Bd5 41. Rd7 Ng4+ 42. Ke2 Be4 43. Rd4 Bd3+ 44. Kf3 Nh2+ 45. Kf4 Nf1 46. Rd6+ Kb5 47. Rd5+ Kb6 48. Ra5 Bc2 49. Re5 Bd3 50. Kf3 Nd2+ 51. Kf4 Nf1 52. g4 hxg4 53. Kxg4 Nd2 54. Kf4 Nb3 55. Re6+ Kb5 56. Re8 Nc1 57. Rb8+ Kc6 58. Ra8 Ne2+ 59. Kf3 Ng1+ 60. Ke3 Ne2 61. Rxa4 Kd5 62. Ra5+ Ke6 63. Ra2 Ng3 64. Kf4 Nf5 65. Ra6+ Kf7 66. Kg5 Ng3 67. Ra7+ Kg8 68. Kf6 Nh5+ 69. Ke5 Ng3 70. Bc5 Nf5 71. Bf2 Nh6 72. Bd4 Nf5 73. Kf6 1-0

[Event "Tata Steel-A 84th"]
[Site "Wijk aan Zee"]
[Date "2022.01.21"]
[Round "6"]
[White "Carlsen, Magnus"]
[Black "Rapport, Richard"]
[Result "1-0"]
[WhiteElo "2865"]
[BlackElo "2763"]
[PlyCount "61"]
[EventDate "2022.01.15"]
[EventType "tourn"]
[EventRounds "13"]
[EventCountry "NED"]
[EventCategory "20"]
[SourceTitle "CBM 206"]
[Source "ChessBase"]
[SourceDate "2022.02.28"]
[SourceVersion "1"]
[SourceVersionDate "2022.02.28"]
[SourceQuality "1"]

1. Nf3 d5 2. d4 Nf6 3. c4 e6 4. g3 dxc4 5. Bg2 Nc6 6. O-O Rb8 7. Be3 Bd6 ({RR} 7... b5 8. b3 cxb3 9. axb3 a6 10. Qc1 Bb7 11. Rd1 Nb4 12. Ne5 Bxg2 13. Kxg2 Be7 14. Nc3 O-O 15. f3 Nd7 16. Ne4 Nxe5 17. dxe5 Qc8 18. Bc5 Bxc5 19. Nxc5 Rd8 20. Rxd8+ Qxd8 21. Nxa6 Nxa6 22. Rxa6 {Carlsen,M (2852)-Vokhidov,S (2601) chess.com INT 2023 1-0 (45)}) ({RR} 7... Be7 8. Qc1 b5 9. b3 Na5 10. Bd2 c5 11. dxc5 cxb3 12. Bf4 Ra8 13. Ne5 Nd5 14. Nc3 Bb7 15. Rd1 Qc8 16. Nxd5 exd5 17. Qd2 Nc4 18. Nxc4 bxc4 19. axb3 O-O 20. Bxd5 Bxd5 21. Qxd5 cxb3 22. Bd6 {Povshednyi,I (2318)-Rosales Campos,P (2035) chess.com INT 2025 0-1 (59)}) 8. Qc1 $146 ({RR} 8. Nfd2 O-O 9. Nxc4 Ne7 10. Bg5 Nd7 11. e4 f6 12. Be3 Nb6 13. Nbd2 Nxc4 14. Nxc4 b5 15. Na5 c6 16. Qd2 Bd7 17. Rac1 Bc7 18. Nb3 Nc8 19. Nc5 Nd6 20. b3 a5 21. Nxd7 Qxd7 22. Qc2 Rb6 {Mulyar,M (2385)-Zeng,S (1863) Philadelphia 2018 1-0 (47)}) 8... b5 9. b3 Bb7 10. bxc4 bxc4 11. Qxc4 Nb4 12. a3 Nbd5 13. Bg5 O-O 14. Nbd2 h6 15. Bxf6 Nxf6 16. Rfc1 Nd7 17. Qa4 c5 18. Qxa7 Bxf3 19. Bxf3 cxd4 20. Ra2 Qe7 21. a4 Rfd8 22. Qxd4 Rb4 23. Qc3 Nb6 24. a5 Qa7 25. Qe3 Be7 26. Rcc2 Bg5 27. Qc5 Be7 28. axb6 Qxa2 29. Qxe7 Qxc2 30. Qxd8+ Kh7 31. b7 1-0